| 000 | 00745cam a2200217 4500 | ||
|---|---|---|---|
| 001 | WB3702-29 | ||
| 008 | 000000n2001 000 0 eng u | ||
| 035 | _a(Sirsi) u110262 | ||
| 245 | _aFarmers told to cover risk | ||
| 260 | _c2001 | ||
| 490 |
_aTimes _v9 January 2001, 2(1) |
||
| 520 | _aGovernment encourages farmers to take out higher insurance cover for protection against animal diseases such as BSE. The cost for an average farm is likely to be around £500 a year, with large commercial farms costing up to £10,000. | ||
| 590 | _aWB | ||
| 650 | _aBSE CRISIS | ||
| 650 | _aFARMERS | ||
| 650 | _aINSURANCE COVER | ||
| 650 | _aFARMING | ||
| 650 | _aRISK ASSESSMENT | ||
| 690 | _aRURAL-FARM BUSINESS MANAGEMENT | ||
| 942 | _n0 | ||
| 999 |
_c65752 _d65752 |
||